000 00476nam a2200193Ia 4500
008 140306s9999 xx 000 0 und d
020 _a8120401492
041 _aeng
082 _a150
_bBHA/GE
100 _aBhatia, Hans Raj
245 _aGeneral psychology
250 _a12
260 _aNew Delhi
_bOxford and IBH Publishing Company Pvt Ltd
_c1994
300 _a323
365 _bRs.`150
650 _aPersonality
650 _aSocial behaviour
942 _2ddc
_cBK
999 _c185083
_d185083